000 02490cam a2200241 4500500
005 20260329011151.0
041 _afre
042 _adc
100 1 0 _aGroh, Thomas
_eauthor
245 0 0 _aAnalyse coûts-bénéfices du règlement européen durcissant les conditions de transport maritime d'hydrocarbures
260 _c2005.
500 _a3
520 _aCette étude évalue l’impact du règlement communautaire 1726/2003 restreignant l’usage des pétroliers simple coque au profit des double coque, jugés plus sûrs, en comparant les surcoûts économiques induits et la diminution attendue du nombre de marées noires. Il en ressort que ce règlement est positif pour les Européens mais a pour effet de déplacer le risque de catastrophe dans les autres régions du globe. L’application mondiale de ce règlement permettrait de réduire significativement le risque de marée noire d’ici 2015. Toutefois, son bilan socioéconomique semble négatif et le demeurerait vraisemblablement, même si les niveaux de valorisation des dommages moyens des marées noires retenus dans cette étude (soit 700 millions d’euros et 1,5 milliard d’euros) étaient significativement réévalués.
520 _aCost-Benefit Analysis of the EU Regulation Tightening the Conditions for Maritime Transport of Hydrocarbons This study assesses the impact of EU regulation 1726/2003 restricting the use of single-hull tankers in favour of double-hull tankers, seen as being safer, by comparing the additional economic costs induced and the expected diminution in the number of oil spills. Itemerges that this regulation is of positive benefit for Europeans but results in shifting the risk of catastrophe onto the other regions of the world. Worldwideapplication of this regulation would permit a significant reduction in the risk of oil spills by 2015. However the net social economic impact would be negative and would probably remain so even if the valuation attached to the average damage causedbyoilspillsadoptedinthis study(euros700 millionand euros1,5billion) were significantlyincreased.
690 _aanalyse coûts bénéfices
690 _adouble coque
690 _amarée noire
690 _acost benefit analysis
690 _adouble hull
690 _aoil spill
786 0 _nÉconomie & prévision | 167 | 1 | 2005-03-01 | p. 27-48 | 0249-4744
856 4 1 _uhttps://shs.cairn.info/revue-economie-et-prevision-1-2005-1-page-27?lang=fr&redirect-ssocas=7080
999 _c1859242
_d1859242